project sekai characters- sudden death - Statistics

General Stats
  • This quiz has been taken 353 times
  • The average score is 13 of 15
Answers on the Grid
Answers color-coded by a green-red scale on the quiz's grid according to % correct below.
Tsukasa
Emu
Rinne
Mafuyu
Ichika
Niki
Haruka
Herta
An
Hutao
Shiho
Paimon
Kohane
Minori
VFlower
Mizuki
Teto
Zoro
Hiyori
Kanade
Saki
Anya
Nene
Shizuku
Yoru
Yuno
Ena
Nagisa
 
Answer Stats
Answer % Correct
Tsukasa
93%
Emu
92%
Ichika
86%
Mafuyu
86%
Kohane
84%
Minori
84%
An
83%
Ena
83%
Haruka
83%
Mizuki
82%
Shiho
82%
Kanade
81%
Nene
81%
Saki
81%
Shizuku
80%
No matching quizzes found
Score Distribution
Percent of People with Each Score
Percentile by Number Answered
Your Score History
You have not taken this quiz